Poplatky a daně k ochraně životního prostředí

Realizácia štátnej politiky životného prostredia je spojená s uplatňovaním ekonomických nástrojov (najmä poplatky a dane). Minimalizácia nákladov na ochranu životného prostredia. Ekonomická podstata environmentálnych poplatkov a daní. Súčasná legislatíva v oblasti poplatkov k ochrane životného prost...

Descrizione completa

Salvato in:
Dettagli Bibliografici
Autore principale: Hájek, Miroslav
Natura: Capitolo di libro
Lingua:ceco
Soggetti:
Tags: Aggiungi Tag
Nessun Tag, puoi essere il primo ad aggiungerne!!

MARC

LEADER 00000naa a2200000 4500
001 r030821
005 20230922092518.6
041 0 |a cze 
044 |a CZ 
245 1 0 |a Poplatky a daně k ochraně životního prostředí  |c Miroslav Hájek 
520 |a Realizácia štátnej politiky životného prostredia je spojená s uplatňovaním ekonomických nástrojov (najmä poplatky a dane). Minimalizácia nákladov na ochranu životného prostredia. Ekonomická podstata environmentálnych poplatkov a daní. Súčasná legislatíva v oblasti poplatkov k ochrane životného prostredia v ČR. 
610 2 0 |a ochrana prostredia životného 
610 2 0 |a politika environmentálna 
610 2 0 |a Česko 
610 2 0 |a poplatky 
610 2 0 |a dane 
610 2 0 |a legislatíva 
100 1 |a Hájek, Miroslav